000 00540nam a2200181Ia 4500
008 100920s9999 xx 000 0 und d
082 _b60333
_a24 थ 90
100 _aText1
245 _aअंतरीचे दिवे.
260 _bज्ञानेश प्रकाशन,नागपूर.
_c1990
300 _a60
_bसाधी
365 _b60
520 _aसायो.
630 _aअंतरीचे दिवे.
650 _aसायो.
730 _aअंतरीचे दिवे.
942 _cBOOK
999 _c703611
_d703608